El Churrigueresco en la ciudad de México
محفوظ في:
| المؤلف الرئيسي: | |
|---|---|
| التنسيق: | كتاب |
| اللغة: | الإسبانية |
| منشور في: |
Ciudad de México
Fondo de Cultura Económica
1969
|
| الطبعة: | 1a. ed |
| سلاسل: | Presencia de México, 9
|
| الموضوعات: | |
| الوسوم: |
إضافة وسم
لا توجد وسوم, كن أول من يضع وسما على هذه التسجيلة!
|
MARC
| LEADER | 00000cam a2200000 a 4500 | ||
|---|---|---|---|
| 001 | UCE0820 | ||
| 003 | CL-VaPUC | ||
| 008 | 140307e19690000mx |||||||||||||||||spa|d | ||
| 082 | 0 | 4 | |a 724.972 |b MAZ |2 21 |
| 100 | |a Maza, Francisco de la |e author |9 573193 | ||
| 245 | 1 | 3 | |a El Churrigueresco en la ciudad de México |
| 250 | |a 1a. ed | ||
| 300 | |a 125 p | ||
| 942 | |c BK | ||
| 945 | |d 20140307 11:03:00 |a dcastane | ||
| 260 | |a Ciudad de México |b Fondo de Cultura Económica |c 1969 | ||
| 650 | 0 | |a Arquitectura barroca |9 266043 | |
| 650 | 0 | |a Arquitectura mexicana |9 341257 | |
| 583 | |a last modification |c 20140307 11:03:00 |k Rodrigo Vera | ||
| 490 | 0 | |a Presencia de México, 9 | |
| 999 | |c 354842 |d 354840 | ||
| 952 | |0 0 |1 0 |3 erb |4 0 |6 724_972000000000000_MAZ_1969 |7 0 |8 A |9 461048 |a BIBART |b BIBART |i 5054850 |o 724.972 MAZ 1969 |p 5054850 |r 2025-03-13 |w 2019-11-23 |y BK |z Catalogado en:20140307 |k ART | ||